00532cam a22002057a 4500003000500000005001700005008004100022010000800063011000900071035000800080040000900088082001500097100002100112245001500133260005900148300003100207490003600238650001600274830003600290CHAP20220329132939.0971013s1987 r 00010 d a559 a1531 a707 cCHAP a361.51bN300aNava, Alejandro. 0aTerremotos aMéxico, D. F. :bFondo de Cultura Económica,c1987 a157 p.b: ilus. ; gráfs. 3aLa ciencia desde Méxicov; 3414aTerremotos. 3aLa ciencia desde Méxicov; 34